Statistics for Art History's Isms

Click here to take the quiz!

General Stats

  • This quiz has been taken 56 times
  • The average score is 7 of 15

Answer Stats

Answer % Correct
Cubism
96%
Impressionism
94%
Realism
84%
Pointillism
63%
Romanticism
55%
Post-Impressionism
51%
Dadaism
49%
Futurism
41%
Mannerism
39%
Neoclassicism
37%
Minimalism
35%
Symbolism
24%
Suprematism
14%
Constructivism
14%
Vorticism
10%

Score Distribution

Percentile by Number Answered

Percent of People with Each Score

Your Score History

You have not taken this quiz